000 01030nam a22003017a 4500
001 BR7405843
003 BR-BrBNA
005 20230928084623.0
007 ta
008 230509b bl.||||| |||| 00| 0 por d
040 _aBR-BrBNA
_bpor
_cBiblioteca Nacional de Agricultura
041 _a(Por)
072 _aL10
_b5212
_b5240
_b3580
_b/G514
090 _ 5212 BR7405843
110 1 _aDepartamento Nacional de Producao Animal, Brasilia, DF (Brasil). Div. de Fisiopatologia da Reproducao e Inseminacao Artificial
245 1 _aRelatorio de atividades. 1. semestre de 1974 [Departamento Nacional de Producao Animal. Divisao de Fisiopatologia da Reproducao e Inseminacao Artificial; Bovino; Ovino; Semen; Brasil]
260 3 _aBrasilia, DF (Brasil):
_c1974.
300 _a27 p.
500 _a13 tables
650 _aBOVINO
650 _aOVINO
650 _aSEMEN
650 _aREPRODUCAO ANIMAL
650 _aINSEMINACAO ARTIFICIAL
650 _aGENETICA ANIMAL
909 _a202309
_bLucia
_c55
_dLucia Elande
942 _cBK
999 _c20134
_d20134